[Event "Foxwoods op 13th"]
[Site "Ledyard"]
[Date "2019.04.19"]
[Round "4"]
[White "Sedlar, William"]
[Black "Sarkar, Justin"]
[Result "0-1"]
[WhiteElo "2217"]
[BlackElo "2337"]
[PlyCount "118"]
[EventDate "2019.04.17"]
[EventType "swiss"]
[EventRounds "9"]
[EventCountry "USA"]
[SourceTitle "CBM 189 Extra"]
[Source "ChessBase"]
[SourceDate "2019.06.03"]
[SourceVersion "1"]
[SourceVersionDate "2019.06.03"]
[SourceQuality "1"]

1. e4 e5 2. Nf3 Nc6 3. d4 exd4 4. Bc4 Nf6 5. e5 Ng4 6. 0-0 d6 7. exd6 Bxd6 8. Re1+ Kf8 9. Nbd2 Nge5 10. Nxe5 Nxe5 11. h3 Nxc4 12. Nxc4 Be7 13. Qf3 Bf6 14. Bd2 h5 15. Rad1 g6 16. c3 Kg7 17. cxd4 Be6 18. Ne3 c6 19. Bc3 Bxa2 20. d5 Bxc3 21. bxc3 Bxd5 22. Nxd5 cxd5 23. Rxd5 Re8 24. Rb1 Qc7 25. Rbd1 Rac8 26. R5d3 b6 27. g3 Red8 28. Rxd8 Rxd8 29. Rd4 Rxd4 30. cxd4 a5 31. Qd1 Kf8 32. d5 Ke7 33. Qe2+ Kd6 34. Qf3 Qc1+ 35. Kh2 f5 36. Qe2 Kxd5 37. Qe8 Qc6 38. Qg8+ Kc5 39. Qb3 a4 40. Qc2+ Kb5 41. Qe2+ Ka5 42. Qd2+ Ka6 43. Qb4 Qc2 44. Kg1 Qe4 45. Qb2 f4 46. gxf4 Qxf4 47. Qc3 Qg5+ 48. Kh1 Qd5+ 49. Kg1 b5 50. Qf6+ Ka5 51. Qc3+ b4 52. Qc7+ Kb5 53. Qb8+ Kc4 54. Qf4+ Kb3 55. Qe3+ Kc2 56. Qe2+ Qd2 57. Qe4+ Kb2 58. Qe5+ Ka2 59. Qd5+ Qxd5 0-1

[Event "Dayton Wright Brothers op 5th"]
[Site "Dayton"]
[Date "2017.10.15"]
[Round "4"]
[White "Baker, Vincent J"]
[Black "Sedlar, William"]
[Result "0-1"]
[WhiteElo "2093"]
[BlackElo "2097"]
[PlyCount "92"]
[EventDate "2017.10.13"]
[EventType "swiss"]
[EventRounds "5"]
[EventCountry "USA"]
[SourceTitle "CBM 181 Extra"]
[Source "ChessBase"]
[SourceDate "2017.12.12"]
[SourceVersion "1"]
[SourceVersionDate "2017.12.12"]
[SourceQuality "1"]

1. e4 e6 2. d4 d5 3. Nc3 Nf6 4. Bg5 Bb4 5. e5 h6 6. Be3 Ne4 7. a3 Bxc3+ 8. bxc3 Nxc3 9. Qg4 Kf8 10. Bd3 b6 11. Nh3 Ba6 12. Nf4 Bxd3 13. cxd3 Nd7 14. Rc1 Na4 15. Rc6 Nb8 16. Rc1 c5 17. h4 cxd4 18. Rh3 Nd7 19. Nxe6+ fxe6 20. Rf3+ Kg8 21. Qxe6+ Kh7 22. Qf5+ Kg8 23. Qf7+ Kh7 24. Bxh6 Rg8 25. Rg3 Qf8 26. Qxd7 Nc5 27. Rxc5 bxc5 28. Bd2 Rd8 29. Qg4 Qf7 30. h5 Rge8 31. Qg5 Rd7 32. Kf1 Qe6 33. Bf4 Rf7 34. Rg4 Qf5 35. Qh4 Qxd3+ 36. Kg1 Qb1+ 37. Kh2 Qf5 38. g3 d3 39. Rg5 Qe4 40. Qg4 Qe2 41. Rxg7+ Rxg7 42. Qf5+ Kg8 43. h6 Qxf2+ 44. Kh1 d2 45. Qh5 Qf1+ 46. Kh2 d1Q 0-1

[Event "Dayton Wright Brothers op 5th"]
[Site "Dayton"]
[Date "2017.10.15"]
[Round "5"]
[White "Sedlar, William"]
[Black "Smith, Bryan G"]
[Result "1/2-1/2"]
[WhiteElo "2097"]
[BlackElo "2427"]
[PlyCount "42"]
[EventDate "2017.10.13"]
[EventType "swiss"]
[EventRounds "5"]
[EventCountry "USA"]
[SourceTitle "CBM 181 Extra"]
[Source "ChessBase"]
[SourceDate "2017.12.12"]
[SourceVersion "1"]
[SourceVersionDate "2017.12.12"]
[SourceQuality "1"]

1. d4 Nf6 2. c4 g6 3. Nc3 Bg7 4. e4 d6 5. Be2 0-0 6. Be3 c6 7. Nf3 e5 8. d5 Ng4 9. Bg5 f6 10. Bh4 Na6 11. Nd2 h5 12. h3 Nh6 13. f3 Nf7 14. Rb1 Bh6 15. Bf2 c5 16. a3 f5 17. b4 h4 18. Qc2 Bf4 19. Rf1 Qg5 20. Qd3 Bg3 21. Bxg3 hxg3 1/2-1/2

[Event "Dayton Wright Brothers op 5th"]
[Site "Dayton"]
[Date "2017.10.13"]
[Round "1"]
[White "Sedlar, William"]
[Black "George, Adith Joshua"]
[Result "1-0"]
[WhiteElo "2097"]
[BlackElo "1751"]
[PlyCount "85"]
[EventDate "2017.10.13"]
[EventType "swiss"]
[EventRounds "5"]
[EventCountry "USA"]
[SourceTitle "CBM 181 Extra"]
[Source "ChessBase"]
[SourceDate "2017.12.12"]
[SourceVersion "1"]
[SourceVersionDate "2017.12.12"]
[SourceQuality "1"]

1. d4 d5 2. c4 dxc4 3. e4 c5 4. Nf3 cxd4 5. Bxc4 Qc7 6. Bb5+ Bd7 7. Nxd4 e5 8. Bxd7+ Qxd7 9. Nf5 Qxd1+ 10. Kxd1 Nc6 11. Nc3 0-0-0+ 12. Bd2 Nge7 13. Ne3 Ng6 14. g3 Nd4 15. Rc1 Kb8 16. Ncd5 Ne7 17. Rf1 Nf3 18. Bc3 Nxd5 19. exd5 Be7 20. Ke2 Nd4+ 21. Kd3 Bf6 22. f4 exf4 23. Rxf4 Ne6 24. Rxf6 gxf6 25. Bxf6 Rc8 26. Be5+ Ka8 27. Bxh8 Rxc1 28. dxe6 fxe6 29. Bc3 Rh1 30. h4 Rh2 31. Ng4 Rh1 32. Ke2 Kb8 33. Nf6 Kc8 34. Nxh7 Rg1 35. Kf2 Rd1 36. Nf8 Rd6 37. h5 Rd5 38. h6 Rf5+ 39. Ke3 Rxf8 40. h7 Kd7 41. h8Q Rxh8 42. Bxh8 Ke7 43. Ke4 1-0

[Event "Dayton Masters"]
[Site "Dayton"]
[Date "2017.07.22"]
[Round "9"]
[White "Priyadharshan, Kannappan"]
[Black "Sedlar, William"]
[Result "1-0"]
[WhiteElo "2514"]
[BlackElo "2093"]
[PlyCount "113"]
[EventDate "2017.07.18"]
[EventType "tourn"]
[EventRounds "9"]
[EventCountry "USA"]
[EventCategory "5"]
[SourceTitle "CBM 179 Extra"]
[Source "ChessBase"]
[SourceDate "2017.08.23"]
[SourceVersion "1"]
[SourceVersionDate "2017.08.23"]
[SourceQuality "1"]

1. Nf3 d5 2. e3 c5 3. b3 Nf6 4. Bb2 Nc6 5. d4 cxd4 6. exd4 Bf5 7. Bd3 Bxd3 8. Qxd3 e6 9. 0-0 Bd6 10. c4 0-0 11. c5 Bc7 12. Nbd2 Re8 13. a3 a5 14. Rfe1 Qb8 15. Rac1 b5 16. Ne5 Ne7 17. g3 b4 18. f4 Nf5 19. Ra1 Qb7 20. Ra2 h5 21. Kg2 Reb8 22. a4 Rd8 23. h3 h4 24. g4 Ne7 25. Qe3 Ra6 26. Ndf3 Ne4 27. Nxh4 f6 28. Nd3 Bb8 29. Kg1 Qc7 30. Bc1 g5 31. Nf3 Ng6 32. fxg5 fxg5 33. Nxg5 e5 34. dxe5 Nxe5 35. Nxe5 Qxe5 36. Nxe4 dxe4 37. Qg5+ Qxg5 38. Bxg5 Rd5 39. h4 Ba7 40. Rxe4 Bxc5+ 41. Kg2 Rd3 42. Rc2 Bd6 43. Re3 Rd4 44. Kh3 Rd1 45. Rc8+ Kf7 46. h5 Rb1 47. Rf3+ Ke6 48. Re8+ Kd7 49. Rd8+ Ke6 50. Re3+ Kf7 51. Rd7+ Kg8 52. Re8+ Bf8 53. Rdd8 Rxb3+ 54. Kg2 Rb2+ 55. Kg3 Rb3+ 56. Kf4 Rc6 57. Rxf8+ 1-0

[Event "Dayton Masters"]
[Site "Dayton"]
[Date "2017.07.21"]
[Round "8"]
[White "Sedlar, William"]
[Black "Elliott, Warren"]
[Result "0-1"]
[WhiteElo "2093"]
[BlackElo "2263"]
[PlyCount "52"]
[EventDate "2017.07.18"]
[EventType "tourn"]
[EventRounds "9"]
[EventCountry "USA"]
[EventCategory "5"]
[SourceTitle "CBM 179 Extra"]
[Source "ChessBase"]
[SourceDate "2017.08.23"]
[SourceVersion "1"]
[SourceVersionDate "2017.08.23"]
[SourceQuality "1"]

1. d4 d5 2. c4 e6 3. Nc3 f5 4. Nf3 Nf6 5. g3 c6 6. Bg2 Bd6 7. Bf4 Be7 8. 0-0 0-0 9. Rb1 a5 10. a3 Nbd7 11. c5 Ne4 12. h4 h6 13. Ne5 g5 14. hxg5 hxg5 15. Nxd7 Bxd7 16. Be5 Bf6 17. Bxf6 Qxf6 18. Na4 e5 19. Nb6 Rad8 20. dxe5 Qxe5 21. Bxe4 fxe4 22. Nxd7 Rxd7 23. e3 Rf3 24. Kg2 Qf5 25. Qd2 Rh7 26. Rh1 Rxg3+ 0-1

[Event "Dayton Masters"]
[Site "Dayton"]
[Date "2017.07.21"]
[Round "7"]
[White "Sedlar, William"]
[Black "Heimann, Mark A"]
[Result "0-1"]
[WhiteElo "2093"]
[BlackElo "2378"]
[PlyCount "126"]
[EventDate "2017.07.18"]
[EventType "tourn"]
[EventRounds "9"]
[EventCountry "USA"]
[EventCategory "5"]
[SourceTitle "CBM 179 Extra"]
[Source "ChessBase"]
[SourceDate "2017.08.23"]
[SourceVersion "1"]
[SourceVersionDate "2017.08.23"]
[SourceQuality "1"]

1. e4 Nf6 2. e5 Nd5 3. d4 d6 4. c4 Nb6 5. exd6 exd6 6. Nc3 Be7 7. Nf3 0-0 8. Be2 Nc6 9. h3 Bf5 10. Be3 d5 11. c5 Nc4 12. Bxc4 dxc4 13. 0-0 Bd3 14. Ne2 Bf6 15. b3 Re8 16. bxc4 Bxc4 17. Re1 Bd5 18. Nd2 Qd7 19. Nb3 Rad8 20. Qd2 h6 21. Rad1 Re7 22. Nbc1 Rde8 23. Nd3 Bc4 24. Ndf4 Bg5 25. Ng3 Bxf4 26. Bxf4 Rxe1+ 27. Rxe1 Rxe1+ 28. Qxe1 Bxa2 29. Qd2 Be6 30. Ne2 b5 31. Bxh6 gxh6 32. Qxh6 Qe7 33. Nf4 Qf8 34. Qh4 Nxd4 35. Nh5 Nf5 36. Qg5+ Kh8 37. g4 f6 38. Qf4 Ng7 39. Qh6+ Kg8 40. Nxf6+ Kf7 41. Ne4 Ke8 42. c6 b4 43. Qg5 b3 44. Nf6+ Kf7 45. Nd7 Bxd7 46. cxd7 Ne6 47. Qf5+ Ke7 48. Qd3 b2 49. Qa3+ Kxd7 50. Qxb2 Qf3 51. Qb5+ Ke7 52. Qh5 Kd6 53. Qh6 Qd1+ 54. Kg2 Qd4 55. Qg6 a5 56. Qc2 Nf4+ 57. Kf3 Qd3+ 58. Qxd3+ Nxd3 59. Ke3 Nxf2 60. g5 Nxh3 61. g6 Ke7 62. Kd4 Kf6 63. Kc5 c6 0-1

[Event "Ohio Congress"]
[Site "Columbus"]
[Date "2016.09.04"]
[Round "4"]
[White "Modlin, Trey"]
[Black "Sedlar, William"]
[Result "0-1"]
[WhiteElo "2161"]
[BlackElo "2263"]
[PlyCount "70"]
[EventDate "2016.09.02"]
[EventType "swiss"]
[EventRounds "7"]
[EventCountry "USA"]
[SourceTitle "EXT 2023"]
[Source "ChessBase"]
[SourceDate "2022.10.05"]
[SourceVersion "1"]
[SourceVersionDate "2022.10.05"]
[SourceQuality "1"]

1. e4 e5 2. Nf3 Nc6 3. Bc4 Nf6 4. d4 exd4 5. e5 d5 6. Bb5 Ne4 7. Nxd4 Bd7 8. Bxc6 bxc6 9. 0-0 Bc5 10. f3 Ng5 11. f4 Ne4 12. Be3 Qb8 13. Qc1 Bxd4 14. Bxd4 c5 15. Bf2 Bb5 16. Re1 Nxf2 17. Kxf2 0-0 18. f5 Bd7 19. Nc3 c6 20. f6 Bf5 21. g4 Bg6 22. h4 gxf6 23. h5 fxe5 24. Kg2 Qb4 25. hxg6 Qxg4+ 26. Kh2 fxg6 27. Rf1 Rxf1 28. Qxf1 Rf8 29. Qg2 Qh4+ 30. Kg1 Rf4 31. Nxd5 cxd5 32. Qxd5+ Kg7 33. Qxe5+ Kh6 34. Kg2 Qf2+ 35. Kh3 Rh4# 0-1

[Event "Ohio Congress"]
[Site "Columbus"]
[Date "2016.09.02"]
[Round "1"]
[White "Sedlar, William"]
[Black "Basalla, Robert"]
[Result "1-0"]
[WhiteElo "2263"]
[BlackElo "2035"]
[PlyCount "71"]
[EventDate "2016.09.02"]
[EventType "swiss"]
[EventRounds "7"]
[EventCountry "USA"]
[SourceTitle "EXT 2023"]
[Source "ChessBase"]
[SourceDate "2022.10.05"]
[SourceVersion "1"]
[SourceVersionDate "2022.10.05"]
[SourceQuality "1"]

1. e4 Nf6 2. e5 Nd5 3. d4 d6 4. c4 Nb6 5. exd6 cxd6 6. Nc3 g6 7. Be3 Bg7 8. Rc1 0-0 9. Be2 Nc6 10. d5 Ne5 11. b3 f5 12. f4 Ng4 13. Bxg4 fxg4 14. Nge2 Bf5 15. 0-0 Qe8 16. Nd4 Qf7 17. Nce2 Nd7 18. Nxf5 gxf5 19. Bd4 Nf6 20. Ng3 Ne8 21. Re1 Bxd4+ 22. Qxd4 Ng7 23. Re3 Rfd8 24. Rce1 Rd7 25. Ne2 b6 26. Qa1 Rb7 27. Nd4 h6 28. Qd1 Re8 29. Qd3 Kh8 30. h3 h5 31. Ne6 Rg8 32. Ng5 Qe8 33. Qd4 Rf8 34. Re6 Kg8 35. Rh6 Rc7 36. Ne6 1-0